000 00563nam a22002177a 4500
005 20260216151434.0
008 260216b |||||||| |||| 00| 0 eng d
020 _a9781947241114
_cRs. 1200.00
040 _aMAIN
082 _a294.5436
_bL149L
100 _aLakshmanjoo, Swami
245 _aLight on tantra in Kashmir Shaivism
260 _aNew Delhi
_bKashmir Shaiva Institute
_c2021
300 _axxx, 489
650 _aReligion
650 _aIndian Origin
650 _aHinduism
650 _aShaivism
700 _aHughes, John ed.
942 _cBK
999 _c397024
_d397024